000 00866nam0a22002891 4500
001 v19\rc\1724266
005 20250619041711.0
035 _a(NLR Aleph) 004821184
090 _a5019397
_c5019397
100 _a20061002d1901 |||y0rusy50 ca
101 0 _arus
102 _aRU
105 _aa z |||||
200 1 _aГрамота и графическое дело
_e(Заметка)
_fСост. Н.Н. Дрейер
210 _aСанкт-Петербург
_cпечатня Р. Голике
_d1901
215 _a[4], 18 л.
_cчерт.
_d36
700 1 _aДрейер
_bН.Н.
_4220
801 0 _aRU
_bNLR
_gpsbo
801 0 _aRU
_bRuMoRGB
_2psbo
801 1 _aRU
_bProSoft-M
_2rusmarc
852 _aNLR
_j18.331.1.146
899 _aRuMoRGB
_jJ 90/723
899 _aRuMoRGB
_jJ 43/167
899 _aRuMoRGB
_jW 287/782
899 _aБАН
942 _cBOOK
980 _aNB